Leasehold reform in England and Wales (Record no. 115543)
[ view plain ]
| 000 -LEADER | |
|---|---|
| fixed length control field | 01601cad a22003255a 4500 |
| 001 - CONTROL NUMBER | |
| control field | L158849 |
| 008 - FIXED-LENGTH DATA ELEMENTS--GENERAL INFORMATION | |
| fixed length control field | 110328s2015 000 0 eng u |
| 020 ## - INTERNATIONAL STANDARD BOOK NUMBER | |
| International Standard Book Number | 9781783211159 |
| 035 ## - SYSTEM CONTROL NUMBER | |
| System control number | (Sirsi) u158849 |
| 041 0# - LANGUAGE CODE | |
| Language code of text/sound track or separate title | eng |
| 050 04 - LIBRARY OF CONGRESS CALL NUMBER | |
| Classification number | 333.332 $2 18 |
| 110 2# - MAIN ENTRY--CORPORATE NAME | |
| Corporate name or jurisdiction name as entry element | Royal Institution of Chartered Surveyors |
| 9 (RLIN) | 4900 |
| 245 00 - TITLE STATEMENT | |
| Title | Leasehold reform in England and Wales |
| Medium | [archived] |
| 250 ## - EDITION STATEMENT | |
| Edition statement | 3rd ed. |
| 260 ## - PUBLICATION, DISTRIBUTION, ETC. | |
| Place of publication, distribution, etc. | London |
| Name of publisher, distributor, etc. | RICS |
| Date of publication, distribution, etc. | 2015 |
| 300 ## - PHYSICAL DESCRIPTION | |
| Extent | 22p. |
| 490 #0 - SERIES STATEMENT | |
| Series statement | RICS Guidance Note |
| 520 ## - SUMMARY, ETC. | |
| Summary, etc. | Aims to assist the valuer in the provision of leasehold reform valuation advice whether they are acting for the freeholder (landlord), intermediate landlord or tenant. Applies only in England and Wales and is written on the basis of the law as at 1 June 2015. Effective from 1 December 2015. |
| 520 ## - SUMMARY, ETC. | |
| Summary, etc. | Supersedes second edition, E152557 (ISBN 9781842196359). |
| 520 ## - SUMMARY, ETC. | |
| Summary, etc. | Archived March 2024 due to Leasehold and Freehold Reform Act |
| 590 ## - LOCAL NOTE (RLIN) | |
| Local note | KA |
| 650 24 - SUBJECT ADDED ENTRY--TOPICAL TERM | |
| Topical term or geographic name entry element | LEASEHOLD REFORM ACT 1967 |
| 650 24 - SUBJECT ADDED ENTRY--TOPICAL TERM | |
| Topical term or geographic name entry element | LEASEHOLD REFORM, HOUSING AND URBAN DEVELOPMENT ACT 1993 |
| 651 #4 - SUBJECT ADDED ENTRY--GEOGRAPHIC NAME | |
| Geographic name | England and Wales |
| Chronological subdivision | 1543- |
| 690 ## - LOCAL SUBJECT ADDED ENTRY--TOPICAL TERM (OCLC, RLIN) | |
| Topical term or geographic name as entry element | Valuation |
| 9 (RLIN) | 6273 |
| 690 ## - LOCAL SUBJECT ADDED ENTRY--TOPICAL TERM (OCLC, RLIN) | |
| Topical term or geographic name as entry element | Residential property |
| 9 (RLIN) | 6266 |
| 856 41 - ELECTRONIC LOCATION AND ACCESS | |
| Uniform Resource Identifier | <a href="https://www.isurv.com/downloads/download/213/leasehold_reform_valuation_in_england_and_wales_archived">https://www.isurv.com/downloads/download/213/leasehold_reform_valuation_in_england_and_wales_archived</a> |
| Public note | Archived on isurv (subscription required) |
| 856 41 - ELECTRONIC LOCATION AND ACCESS | |
| Uniform Resource Identifier | <a href="https://www.rics.org/profession-standards/rics-standards-and-guidance/sector-standards/valuation-standards/leasehold-reform-in-england-and-wales">https://www.rics.org/profession-standards/rics-standards-and-guidance/sector-standards/valuation-standards/leasehold-reform-in-england-and-wales</a> |
| Public note | Background to changes and why 2015 guidance was withdrawn |
| 942 ## - ADDED ENTRY ELEMENTS (KOHA) | |
| Suppress in OPAC | 0 |
| Source of classification or shelving scheme | Dewey Decimal Classification |
| Withdrawn status | Lost status | Damaged status | Not for loan | Home library | Current library | Shelving location | Date acquired | Total Checkouts | Full call number | Barcode | Date last seen | Copy number | Price effective from | Koha item type | Public note |
|---|---|---|---|---|---|---|---|---|---|---|---|---|---|---|---|
| Virtual | Virtual | Online | 19/08/2015 | isurv | 158849-2001 | 29/11/2024 | 1 | 06/08/2019 | Online material | Available on isurv (subscription required) |